<?xml version="1.0" encoding="UTF-8"?>
<record
    xmlns:xsi="http://www.w3.org/2001/XMLSchema-instance"
    xsi:schemaLocation="http://www.loc.gov/MARC21/slim http://www.loc.gov/standards/marcxml/schema/MARC21slim.xsd"
    xmlns="http://www.loc.gov/MARC21/slim">

  <leader>005930000a22001810004500</leader>
  <datafield tag="090" ind1=" " ind2=" ">
    <subfield code="a">SERIADAS</subfield>
  </datafield>
  <datafield tag="100" ind1="1" ind2=" ">
    <subfield code="a">Duarte, Oscar</subfield>
    <subfield code="9">100786</subfield>
  </datafield>
  <datafield tag="700" ind1="1" ind2=" ">
    <subfield code="a">Velho, Lea</subfield>
    <subfield code="9">100787</subfield>
  </datafield>
  <datafield tag="245" ind1="1" ind2="0">
    <subfield code="a">An&#xE1;lisis del marco legal en Colombia para la implementaci&#xF3;n de pr&#xE1;cticas en bioprospecci&#xF3;n</subfield>
  </datafield>
  <datafield tag="044" ind1=" " ind2=" ">
    <subfield code="a">Colombia</subfield>
  </datafield>
  <datafield tag="041" ind1="0" ind2=" ">
    <subfield code="a">Espa&#xF1;ol</subfield>
  </datafield>
  <datafield tag="650" ind1="1" ind2="4">
    <subfield code="a">Bioprospecci&#xF3;n</subfield>
    <subfield code="9">93872</subfield>
  </datafield>
  <datafield tag="650" ind1="1" ind2="4">
    <subfield code="a">Legislaci&#xF3;n ambiental</subfield>
    <subfield code="9">92309</subfield>
  </datafield>
  <datafield tag="650" ind1="1" ind2="4">
    <subfield code="a">Acceso a los recursos gen&#xE9;ticos</subfield>
    <subfield code="9">96210</subfield>
  </datafield>
  <datafield tag="650" ind1="1" ind2="4">
    <subfield code="a">Conocimiento tradicional</subfield>
    <subfield code="9">92244</subfield>
  </datafield>
  <datafield tag="942" ind1=" " ind2=" ">
    <subfield code="c">ARTICULO</subfield>
  </datafield>
  <datafield tag="773" ind1="1" ind2=" ">
    <subfield code="t">Acta biol&#xF3;gica colombiana</subfield>
    <subfield code="h">2</subfield>
    <subfield code="q">103-121</subfield>
    <subfield code="d">2008</subfield>
    <subfield code="g">13</subfield>
  </datafield>
  <datafield tag="999" ind1=" " ind2=" ">
    <subfield code="c">16416</subfield>
    <subfield code="d">16416</subfield>
  </datafield>
</record>
